[Event "GER-chT U14"]
[Site "Verden an der Aller"]
[Date "2017.12.27"]
[Round "2.4"]
[White "Matthiessen, Linus"]
[Black "Schilz, Tabea"]
[Result "1/2-1/2"]
[WhiteElo "1293"]
[BlackElo "1272"]
[PlyCount "103"]
[EventDate "2017.12.26"]
[EventType "team-swiss"]
[EventRounds "7"]
[EventCountry "GER"]
[SourceTitle "CBM 182 Extra"]
[Source "ChessBase"]
[SourceDate "2018.02.23"]
[SourceVersion "1"]
[SourceVersionDate "2018.02.23"]
[SourceQuality "1"]
[WhiteTeam "Paderborn"]
[BlackTeam "Konz Karthaus"]
[WhiteTeamCountry "GER"]
[BlackTeamCountry "GER"]

1. d4 d5 2. Bf4 Nc6 3. Nf3 Nf6 4. e3 Bd7 5. c3 e6 6. Bd3 Bd6 7. Bg3 0-0 8. Qc2 Re8 9. Nbd2 e5 10. dxe5 Nxe5 11. Bxe5 Bxe5 12. Nxe5 Rxe5 13. Nf3 Re8 14. 0-0-0 h6 15. Rhg1 c5 16. Bf5 Be6 17. h4 Qd7 18. Ne5 Qc8 19. g4 Bxf5 20. gxf5 Rxe5 21. Rg3 Qxf5 22. Qe2 Rae8 23. Rdg1 Nh5 24. Rf3 Nf4 25. Qd1 Nd3+ 26. Kd2 Qh7 27. Qa4 Nxb2 28. Qd7 Nc4+ 29. Kc1 Rf8 30. Qg4 Na3 31. Kd2 Qc2+ 32. Ke1 Qb1+ 33. Ke2 Qxa2+ 34. Kf1 Qb1+ 35. Kg2 Qg6 36. Rg3 Qxg4 37. Rxg4 Re4 38. f4 Rxe3 39. Kf2 Rxc3 40. Rxg7+ Kh8 41. Ke2 b5 42. R7g4 Re8+ 43. Kd2 Rc2+ 44. Kd3 b4 45. Ra1 c4+ 46. Kd4 Rd2+ 47. Kc5 Rc8+ 48. Kd6 c3 49. Ke7 Rg8 50. Rxg8+ Kxg8 51. Rg1+ Kh8 52. Rg6 1/2-1/2